000 00316nam a22001337a 4500
020 _a9788189304478
082 _a630.68
_bAMA/AG
100 _aAmarnath, J.S
245 _aAgri-Business management
260 _aDelhi
_bSatish Serial Publishing House
_c2010
300 _a396
700 _aSamvel, A.P.V
942 _cBK
999 _c13693
_d13693